Encyclopedia of school crime and violence / 1 A - N
| Main Author: | |
|---|---|
| Format: | Print Book |
| Language: | English |
| Published: |
2011
|
| In: |
Encyclopedia of school crime and violence
Year: 2011 |
| Online Access: |
Table of Contents Blurb (Publisher) |
| Availability in Tübingen: | Present in Tübingen. IFK: C II 229-1 UB: KB 20 A 6403-1 |
| Check availability: | HBZ Gateway |
| Subito Delivery Service: | Order now. |
| Keywords: |
MARC
| LEADER | 00000cam a2200000 cc4500 | ||
|---|---|---|---|
| 001 | 1433203871 | ||
| 003 | DE-627 | ||
| 005 | 20240503211347.0 | ||
| 007 | tu | ||
| 008 | 120404s2011 xx ||||| 00| ||eng c | ||
| 035 | |a (DE-627)1433203871 | ||
| 035 | |a (DE-576)363203877 | ||
| 035 | |a (DE-599)BSZ363203877 | ||
| 035 | |a (OCoLC)984937756 | ||
| 040 | |a DE-627 |b ger |c DE-627 |e rakwb | ||
| 041 | |a eng | ||
| 084 | |a 2,1 |2 ssgn | ||
| 245 | 0 | 0 | |a Encyclopedia of school crime and violence |n 1 |p A - N |c Laura L. Finley, ed. |
| 264 | 1 | |c 2011 | |
| 300 | |a XXXVII, 325 S. |b Ill. | ||
| 336 | |a Text |b txt |2 rdacontent | ||
| 337 | |a ohne Hilfsmittel zu benutzen |b n |2 rdamedia | ||
| 338 | |a Band |b nc |2 rdacarrier | ||
| 583 | 1 | |a Archivierung/Langzeitarchivierung gewährleistet |f SSG |x XA-DE-BW |2 pdager |5 DE-21 | |
| 700 | 1 | |a Finley, Laura L. |e Bearb. |0 (DE-588)1067467963 |0 (DE-627)818766964 |0 (DE-576)186783175 |4 adp | |
| 773 | 1 | 8 | |a Encyclopedia of school crime and violence |w (DE-627)1433201178 |w (DE-576)363201173 |g 1 |q 1 |7 nnam |
| 856 | 4 | 2 | |u https://swbplus.bsz-bw.de/bsz363203877inh.htm |m B:DE-576;DE-21 |q application/pdf |v 20130930153438 |x Verlag |3 Inhaltsverzeichnis |7 1 |
| 856 | 4 | 2 | |u https://swbplus.bsz-bw.de/bsz363203877kla.htm |m B:DE-576;DE-21 |q application/pdf |v 20130930153439 |x Verlag |3 Klappentext |7 1 |
| 951 | |a MV | ||
| ELC | |b 1 | ||
| LOK | |0 000 xxxxxcx a22 zn 4500 | ||
| LOK | |0 001 2768220108 | ||
| LOK | |0 003 DE-627 | ||
| LOK | |0 004 1433203871 | ||
| LOK | |0 005 20130919152248 | ||
| LOK | |0 008 130917||||||||||||||||ger||||||| | ||
| LOK | |0 040 |a DE-21 |c DE-627 |d DE-21 | ||
| LOK | |0 852 |a DE-21 | ||
| LOK | |0 852 1 |c KB 20 A 6403-1 |9 00 | ||
| LOK | |0 935 |a krim | ||
| LOK | |0 936ln |a k4.2.2 | ||
| LOK | |0 938 |a 1309 |f 34 | ||
| LOK | |0 939 |a 17-09-13 |b l01 | ||
| LOK | |0 000 xxxxxcx a22 zn 4500 | ||
| LOK | |0 001 2710242087 | ||
| LOK | |0 003 DE-627 | ||
| LOK | |0 004 1433203871 | ||
| LOK | |0 005 20120404111934 | ||
| LOK | |0 008 120404||||||||||||||||ger||||||| | ||
| LOK | |0 040 |a DE-21-110 |c DE-627 |d DE-21-110 | ||
| LOK | |0 541 |e 12/60a | ||
| LOK | |0 689 |a s |a Schule | ||
| LOK | |0 689 |a s |a Kriminalität | ||
| LOK | |0 689 |a s |a Schulgewalt | ||
| LOK | |0 689 |a g |a USA | ||
| LOK | |0 689 |a f |a Lexikon | ||
| LOK | |0 852 |a DE-21-110 | ||
| LOK | |0 852 1 |c C II 229-1 |m p |9 00 | ||
| LOK | |0 936ln |a 10.10 | ||
| LOK | |0 938 |a 1204 | ||
| LOK | |0 938 |k p | ||
| LOK | |0 939 |a 04-04-12 |b l01 | ||
| LOK | |0 000 xxxxxcx a22 zn 4500 | ||
| LOK | |0 001 2768955280 | ||
| LOK | |0 003 DE-627 | ||
| LOK | |0 004 1433203871 | ||
| LOK | |0 005 20131106155647 | ||
| LOK | |0 008 131002||||||||||||||||ger||||||| | ||
| LOK | |0 040 |a DE-Frei85 |c DE-627 |d DE-Frei85 | ||
| LOK | |0 852 |a DE-Frei85 | ||
| LOK | |0 852 1 |m p |9 00 | ||
| LOK | |0 938 |k p | ||
| LOK | |0 939 |a 02-10-13 |b l01 | ||
| ORI | |a SA-MARC-krimdoka001.raw | ||
| SIG | |a IFK: C II 229-1 | ||
| SIG | |a UB: KB 20 A 6403-1 | ||
